Νομίσματα και νομισματικά συστήματα
Αποθηκεύτηκε σε:
| Κύριος συγγραφέας: | |
|---|---|
| Μορφή: | Βιβλίο |
| Γλώσσα: | Greek |
| Δημοσίευση: |
Αθήναι :
Τύποις: "Πυρσού" Α.Ε.,
1931.
|
| Θέματα: | |
| Διαθέσιμο Online: | http://hdl.handle.net/11610/16634 |
| Ετικέτες: |
Προσθήκη ετικέτας
Δεν υπάρχουν, Καταχωρήστε ετικέτα πρώτοι!
|
MARC
| LEADER | 00000cam a2200000 i 4500 | ||
|---|---|---|---|
| 001 | 1/65480 | ||
| 008 | 150130s1931 gr | ||| |||| ||gre|| | ||
| 035 | |l 10120798 | ||
| 040 | |a GR-MyUA |b gre |e AACR2 | ||
| 041 | 0 | |a gre | |
| 082 | 0 | |a 332.46 | |
| 100 | 1 | |a Βελούζος, Ιάκωβος Α. | |
| 245 | 1 | 0 | |a Νομίσματα και νομισματικά συστήματα / |c Ιακ. Α. Βελούζου. |
| 260 | |a Αθήναι : |b Τύποις: "Πυρσού" Α.Ε., |c 1931. | ||
| 300 | |a δ' 280 σ. ; |c 24 εκ. | ||
| 500 | |a Υπάρχει ψηφιακό αντίγραφο. | ||
| 504 | |a Περιέχει ευρετήριο. | ||
| 650 | 0 | 0 | |a Monetary policy |x History. |
| 650 | 0 | |a Numismatics. | |
| 650 | 0 | 0 | |a Banks and banking, International. |
| 852 | |a INST |b SAMOS |c PORFYRIADA |e 20150130 |h 332.46 ΒΕΛ |p 005300041497 |q 005300041497 |t NOLOAN |y 23 | ||
| 856 | |u http://hdl.handle.net/11610/16634 | ||
| 901 | |a BIBL3-2015-1 | ||
| 909 | |a Σ |b 186020 | ||
| 970 | |a ΚΟΣΙΕΡΗΣ |b ΧΡΗΣΤΟΣ |z 2015/01/30 | ||